000 00500nam a2200181Ia 4500
005 20250508152825.0
008 008 250505s9999 xx 000 0 eng d
037 _aTextual
040 _aFEDL
_beng
_cFEDL
041 _aeng
_2eng
084 _a372.5, DEA
_qFEDL
100 _aDean Joan
_9596807
245 0 _aArt and craft in the primary school
260 _aLondon, UK
_bAdam and Charles Black
_c1961
300 _a176p
942 _cTEXL
_h372.5, DEA
999 _c1338991
_d1338991